书目信息 |
| 题名: |
经济信息与管理
|
|
| 作者: | 黄学忠 著 | |
| 分册: | ||
| 出版信息: | 北京 人民出版社 1985 |
|
| 页数: | 358页 | |
| 开本: | 20cm | |
| 丛书名: | 经济管理和企业管理丛书 | |
| 单 册: | ||
| 中图分类: | F224.1 | |
| 科图分类: | ||
| 主题词: | 经济信息 , 经济--计算 , 经济数学--方法 | |
| 电子资源: | ||
| ISBN: | ||
| 000 | 00758nam2 2200289 45 | |
| 001 | 0185001474 | |
| 005 | 20040425101656.4 | |
| 010 | @dCNY2.30 | |
| 091 | @a4001.522 | |
| 100 | @a19900816d1985 emky0chiy0121 ea | |
| 101 | 0 | @achi |
| 102 | @aCN@b110000 | |
| 105 | @ay z 000yy | |
| 106 | @ar | |
| 200 | 10 | @a经济信息与管理@Ajing ji xin xi yu guan li@f黄学忠著 |
| 210 | @a北京@c人民出版社@d1985 | |
| 215 | @a358页@d20cm | |
| 225 | 2 | @a经济管理和企业管理丛书 |
| 410 | 0 | @120010@a经济管理和企业管理丛书 |
| 606 | @a经济信息 | |
| 606 | 0 | @a经济@x计算 |
| 606 | 0 | @a经济数学@x方法 |
| 690 | @aF224.1 | |
| 701 | 0 | @a黄学忠@Ahuang xue zhong@4著 |
| 801 | 0 | @aCN@b深圳图书馆@c20040425 |
| 801 | 2 | @aCN@bNLC@c20040425 |
| 905 | @f1@b137458@dF224.1@e69 | |
| 经济信息与管理/黄学忠著.-北京:人民出版社,1985 |
| 358页;20cm.-(经济管理和企业管理丛书) |
| ISBN :CNY2.30 |
| ● |
| 相关链接 |
|
|
|
|
正题名:经济信息与管理
索取号:F224.1/69
 
预约/预借
| 序号 | 登录号 | 条形码 | 馆藏地/架位号 | 状态 | 备注 |
| 1 | 0137458 | 000205067 | 第一借阅区/ [索取号:F224.1/69] | 在馆 | |
| 2 | 0137460 | 000205101 | 第一样本阅览室/ [索取号:F224.1/69] | 在馆 |